000 00319nam a2200133Ia 4500
005 20251222144851.0
008 251222s9999||||xx |||||||||||||| ||spa||
082 _a001.42/A59T
100 _aAnder-Egg, Ezequiel
245 0 _aTécnicas de Investigación Social
250 _a14a.ed.
264 _bEl Cid
942 _cLIB
999 _c21603
_d21603